Statistics for 20 Largest Cities in New England by Population

Click here to take the quiz!

General Stats

  • This quiz has been taken 692 times
    (159 since last reset)
  • The average score is 12 of 20

Answer Stats

HintAnswer% Correct
675,647Boston, MA
100%
121,054Hartford, CT
95%
190,934Providence, RI
95%
134,023New Haven, CT
82%
206,518Worcester, MA
81%
115,644Manchester, NH
80%
155,929Springfield, MA
75%
148,654Bridgeport, CT
72%
118,403Cambridge, MA
68%
115,554Lowell, MA
54%
135,470Stamford, CT
54%
101,636Quincy, MA
48%
101,079New Bedford, MA
43%
91,322Nashua, NH
41%
94,000Fall River, MA
36%
101,253Lynn, MA
34%
114,403Waterbury, CT
34%
105,643Brockton, MA
32%
89,143Lawrence, MA
24%
91,184Norwalk, CT
17%

Score Distribution

Percentile by Number Answered

Percent of People with Each Score

Your Score History

You have not taken this quiz since the last reset